Cyber Strong: (Record no. 204847)

MARC details
000 -LEADER
fixed length control field 00630nam a22001937a 4500
005 - DATE AND TIME OF LATEST TRANSACTION
control field 20240805152843.0
010 ## - LCCN (DPL NO)
LC control number ENG-141186
020 ## - INTERNATIONAL STANDARD BOOK NUMBER
Terms of availability 695.00
International Standard Book Number 9788196078126
035 ## - SYSTEM CONTROL NUMBER
System control number EN-124718
037 ## - SOURCE OF ACQUISITION
Source of stock number/acquisition DBAD
082 ## - DEWEY DECIMAL CLASSIFICATION NUMBER
Classification number 364.168
Edition number 1
100 ## - MAIN ENTRY--PERSONAL NAME
Personal name Ajay Singh
245 00 - TITLE STATEMENT
Title Cyber Strong:
Statement of responsibility, etc By Ajay Singh
Remainder of title Cyber Security and Risk Management/
250 ## - EDITION STATEMENT
Edition statement 1
260 ## - PUBLICATION, DISTRIBUTION, ETC. (IMPRINT)
Place of publication, distribution, etc Mumbai
Name of publisher, distributor, etc Kabdwal Book International
270 ## - ADDRESS
Address Plot No. 179, D/42, Raigad CHS, Sector 1, Charkop, Kandivali(W)
City Mumbai
Postal code 400067
Electronic mail address order@kabdwalbook.com
300 ## - PHYSICAL DESCRIPTION
Extent xxvi,275p.
Dimensions 22cm(hbk)
942 ## - ADDED ENTRY ELEMENTS (KOHA)
Source of classification or shelving scheme Dewey Decimal Classification
Item type English Books
Call number suffix AJA
Classification part 364.168
Edition 1
Holdings
Withdrawn status Lost status Not for loan Collection code Home library Current library Date acquired Source of acquisition Cost, normal purchase price Full call number Barcode Copy number Cost, replacement price Koha item type
      Non-fiction Patel Nagar Patel Nagar 05/08/2024 Delivery of Books Act Division 695.00 AJA 364.168 EN-124718 1 695.00 English Books

© Delhi Public Library
Hit Counter
free hit counter